| 000 | 00439nam a2200181Ia 4500 | ||
|---|---|---|---|
| 005 | 20250603145316.0 | ||
| 008 | 250603s9999 xx 000 0 und d | ||
| 020 | _a9780495016274 | ||
| 050 | _aHD 30.25 .A43/ | ||
| 100 | _aAlbright, Christian S. | ||
| 245 | 0 | _aManagement science modeling | |
| 260 | _aUnited State | ||
| 260 | _bThomson South-Western | ||
| 260 | _c2007 | ||
| 300 | _a972 p | ||
| 650 | _aUnited State | ||
| 942 | _cBK | ||
| 999 |
_c41481 _d41481 |
||